| 000 | | | 04149cam0a2200301#x 450 |
| 001 | | | f2513a43-0926-4c28-8f58-ab7dab8edfd7 |
| 005 | | | 20210830152648.0 |
| 100 | ## | $a | 20210830j19361222k###0rusy50 ca |
| 101 | 1# | $a | rus |
| | $c | ger |
| 102 | ## | $a | RU |
| 122 | 0# | $a | d19361222## |
| 200 | 1# | $a | Документальный агентурный материал РУ РККА "Мнение Франции о посылке германских войск в Испанию" |
| | $j | Не ранее 22 декабря 1936 г. |
| 251 | ## | $c | Документ |
| 300 | ## | $a | Перевод с немецкого языка, современный оригиналу |
| 300 | ## | $a | Обратная нумерация листов |
| 461 | #0 | $1 | 2001 |
| | $a | Ф. 37967 |
| | $1 | 251 |
| | $c | Фонд |
| | $1 | 852 |
| | $j | 37967 |
| 462 | #0 | $1 | 2001 |
| | $a | Оп. 6 |
| | $1 | 251 |
| | $c | Опись |
| | $1 | 852 |
| | $j | 6 |
| 462 | #0 | $1 | 2001 |
| | $a | Д. 88 |
| | $v | Л. 9–4 |
| | $1 | 251 |
| | $c | Дело |
| | $1 | 852 |
| | $j | 88 |
| 605 | ## | $2 | prlib_sh |
| | $3 | LIBNET\UAF\0000088514 |
| | $a | Вторая мировая война в архивных документах (Комплекс оцифрованных архивных документов, кино- и фотоматериалов) |
| | $l | коллекция |
| 617 | ## | $2 | prlib_sh |
| | $a | Германия |
| | $f | 1936 |
| 617 | ## | $2 | prlib_sh |
| | $a | Франция |
| | $f | 1936 |
| 617 | ## | $2 | prlib_sh |
| | $a | Испания |
| | $f | 1936 |
| 801 | #0 | $a | RU |
| | $b | ПБ им. Б.Н. Ельцина |
| | $c | 20210830 |
| 801 | #1 | $a | RU |
| | $b | ПБ им. Б.Н. Ельцина |
| | $c | 20210830 |
| | $2 | rusmarc |
| 801 | #2 | $a | RU |
| | $b | ПБ им. Б.Н. Ельцина |
| | $c | 20210830 |
| | $2 | rusmarc |
| 850 | ## | $a | Российский государственный военный архив |
| 852 | ## | $a | РГВА |
| | $j | Л. 9–4 |
| 856 | 4# | $n | ПБ им. Б.Н. Ельцина |
| | $u | http://readingroom.main.prlib.ru/item.aspx?id_node=n167760993&mode=full |
| 035 | ## | $a | LIBNET\0001179911 |
| 937 | ## | $d | 167760993 |
| | $h | Федеральное архивное агентство |